Statistics for All Fornite: Battle Royale Map Locations EVER

Click here to take the quiz!

General Stats

  • This quiz has been taken 717 times
    (237 since last reset)
  • The average score is 17 of 38

Answer Stats

HintAnswer% Correct
Chapter 1 Season 2Tilted Towers
88%
Chapter 1 Pre-SeasonLoot Lake
71%
Chapter 1 Pre-SeasonSalty Springs
70%
Chapter 1 Pre-SeasonPleasant Park
69%
Chapter 1 Pre-SeasonRetail Row
65%
Chapter 1 Pre-SeasonDusty Depot
63%
Chapter 1 Season 4Dusty Divot
60%
Chapter 1 Season 2Haunted Hills
58%
Chapter 1 Pre-SeasonMoisty Mire
58%
Chapter 1 Pre-SeasonAnarchy Acres
57%
Chapter 1 Season 2Junk Junction
57%
Chapter 1 Pre-SeasonGreasy Grove
56%
Chapter 1 Season 5Paradise Palms
56%
Chapter 1 Pre-SeasonWailing Woods
55%
Chapter 1 Season 3Lucky Landing
54%
Chapter 1 Season 2Snobby Shores
54%
Chapter 1 Pre-SeasonTomato Town
54%
Chapter 1 Pre-SeasonFatal Fields
53%
Chapter 1 Season 9Neo Tilted
52%
Chapter 1 Pre-SeasonFlush Factory
50%
Chapter 1 Season 5Lazy Links
47%
Chapter 1 Season 4Risky Reels
46%
Chapter 1 Pre-SeasonLonely Lodge
45%
Chapter 1 Season 2Shifty Shafts
42%
Chapter 1 Season 7Polar Peak
41%
Chapter 1 Season 8Lazy Lagoon
38%
Chapter 1 Season 9Mega Mall
33%
Chapter 1 Season 7The Block
33%
Chapter 1 Season 7Happy Hamlet
31%
Chapter 1 Season 5Tomato Temple
29%
Chapter 1 Season 8Sunny Steps
25%
Chapter 1 Season XTilted Town
20%
Chapter 1 Season 9Pressure Plant
19%
Chapter 1 Season 6Leaky Lake
14%
Chapter 1 Season XStarry Suburbs
13%
Chapter 1 Season XMoisty Palms
11%
Chapter 1 Season 7Frost Flights
4%
Chapter 1 Season XGothon City
2%

Score Distribution

Percentile by Number Answered

Percent of People with Each Score

Your Score History

You have not taken this quiz since the last reset